000 00603nam a2200217 a 4500
999 _c2673
_d2673
001 2673
003 BD-JhCC
005 20171105204449.0
008 171105s1369 bg |||| ||a| 00| 0 en d
035 _a(BD-JhCC)2673
040 _aBD-JhCC
_dBD-JhCC
041 _aben
082 _a891.443
_bMIK 1369
100 _aমাইকস, জর্জ্জ
245 _aদুই দিগন্ত /
_cজর্জ্জ মাইকস
260 _aচট্টগ্রাম :
_bবই ঘর,
_c1369.
300 _a118 p. :
_c18 cm.
650 _aBengali Novel
942 _2ddc
_cBK